Tenaga angin (Record no. 134361)

MARC details
000 -LEADER
fixed length control field 00836nam a2200277 i 4500
001 - CONTROL NUMBER
control field C2-0336619
003 - CONTROL NUMBER IDENTIFIER
control field PPAK
005 - DATE AND TIME OF LATEST TRANSACTION
control field 20180728135516.0
008 - FIXED-LENGTH DATA ELEMENTS--GENERAL INFORMATION
fixed length control field 160628s2016 my a|||| ||||| | may d
020 ## - INTERNATIONAL STANDARD BOOK NUMBER
International Standard Book Number 9789670947334
040 ## - CATALOGING SOURCE
Original cataloging agency PPAK
Language of cataloging eng
Transcribing agency PPAK
Description conventions rda
082 04 - DEWEY DECIMAL CLASSIFICATION NUMBER
Classification number 333.79
Edition number 23
090 00 - LOCALLY ASSIGNED LC-TYPE CALL NUMBER (OCLC); LOCAL CALL NUMBER (RLIN)
Classification number (OCLC) (R) ; Classification number, CALL (RLIN) (NR) 333.79
Feature heading AMI
Feature heading K
100 0# - MAIN ENTRY--PERSONAL NAME
Personal name Amin Asyraf,
Relator term author
245 10 - TITLE STATEMENT
Title Tenaga angin
264 #1 - PRODUCTION, PUBLICATION, DISTRIBUTION, MANUFACTURE, AND COPYRIGHT NOTICE
Place of production, publication, distribution, manufacture Kuala Lumpur :
Name of producer, publisher, distributor, manufacturer Semarak Murni Enterprise ,
Date of production, publication, distribution, manufacture, or copyright notice 2016
300 ## - PHYSICAL DESCRIPTION
Extent iv, 36 pages :
Other physical details colour photographs ;
Dimensions 26 cm
336 ## - CONTENT TYPE
Source rdacontent
Content type term text
337 ## - MEDIA TYPE
Source rdamedia
Media type term unmediated
338 ## - CARRIER TYPE
Source rdacarrier
Carrier type term volume
490 1# - SERIES STATEMENT
Series statement Sumber tenaga alternatif
500 ## - GENERAL NOTE
General note Includes glossary
650 10 - SUBJECT ADDED ENTRY--TOPICAL TERM
Topical term or geographic name entry element Natural resources - Juvenile literature. ; Wild power - Juvenile literature.
830 #0 - SERIES ADDED ENTRY--UNIFORM TITLE
Uniform title Sumber tenaga alternatif
942 ## - ADDED ENTRY ELEMENTS (KOHA)
-- dc
Koha item type Book
Holdings
Withdrawn Not for loan Current library Shelving location Date acquired Full call number Barcode Date last seen Koha item type Total Checkouts Date last checked out
    Perpustakaan Alor Setar Pinjaman Kanak-kanak 13/07/2016 K 333.79 AMI A01480903 09/05/2018 Book    
    Perpustakaan Awam Sungai Petani Pinjaman Kanak-kanak 13/07/2016 K 333.79 AMI A01480904 11/11/2018 Book 1 31/10/2018
    Perpustakaan Jitra Pinjaman Kanak-kanak 13/07/2016 K 333.79 AMI A01480905 16/12/2020 Book 1 05/12/2020
    Perpustakaan Kulim Pinjaman Kanak-kanak 13/07/2016 K 333.79 AMI A01480906 09/05/2018 Book